Nuôi dưỡng và chăm sóc trẻ em : Làm thế nào để hiểu con bạn?
Sách trình bày những kiến thức cần thiết về quá trình phát triển tâm lý của trẻ em theo từng gia đọan hầu hết dựa trên những thái độ, hành vicủa chúng, hầu giúp các bậc cha mẹ hiểu và theo dõi được sự phát triển tâm lý của con mình the...
Đã lưu trong:
| Format: | Bog |
|---|---|
| Sprog: | Undetermined |
| Udgivet: |
Hà Nội
Văn hóa - thông tin
1997
|
| Fag: | |
| Tags: |
Tilføj Tag
Ingen Tags, Vær først til at tagge denne postø!
|
| Thư viện lưu trữ: | Trung tâm Học liệu Trường Đại học Cần Thơ |
|---|
| LEADER | 01020nam a2200193Ia 4500 | ||
|---|---|---|---|
| 001 | CTU_17686 | ||
| 008 | 210402s9999 xx 000 0 und d | ||
| 020 | |b 14300 | ||
| 082 | |a 649.68 | ||
| 082 | |b N515 | ||
| 245 | 0 | |a Nuôi dưỡng và chăm sóc trẻ em : | |
| 245 | 0 | |b Làm thế nào để hiểu con bạn? | |
| 260 | |a Hà Nội | ||
| 260 | |b Văn hóa - thông tin | ||
| 260 | |c 1997 | ||
| 520 | |a Sách trình bày những kiến thức cần thiết về quá trình phát triển tâm lý của trẻ em theo từng gia đọan hầu hết dựa trên những thái độ, hành vicủa chúng, hầu giúp các bậc cha mẹ hiểu và theo dõi được sự phát triển tâm lý của con mình theo từng lứa tuổi để trên cơ sở đó có hướng giáo dục thích hợp | ||
| 650 | |a Child rearing | ||
| 904 | |i Minh, 970802 | ||
| 980 | |a Trung tâm Học liệu Trường Đại học Cần Thơ | ||